[Event "XXXI Festival Conca della Presolana A"]
[Site "Bratto - Castione della Presolana ITA"]
[Date "2011.08.26"]
[Round "7"]
[White "Gasperoni, Stefano"]
[Black "Radice, Luca"]
[Result "1/2-1/2"]
[WhiteElo "2001"]
[BlackElo "2021"]
[PlyCount "93"]
[EventDate "2011.08.20"]

1. e4 e6 2. d4 d5 3. Nd2 Nc6 4. Ngf3 Nf6 5. e5 Nd7 6. Be2 Be7 7. Nf1 O-O 8. Ne3
f6 9. exf6 Nxf6 10. O-O Bd6 11. c4 b6 12. a3 a5 13. h3 Bf4 14. Ng4 Nxg4 15.
hxg4 Bb7 16. Be3 Ne7 17. Bxf4 Rxf4 18. Ne5 dxc4 19. Bxc4 Nd5 20. g3 Rf8 21. Qe2
Qd6 22. Rad1 Rf6 23. g5 Rf5 24. f4 Ne7 25. Ng4 Nd5 26. Ne5 Re8 27. Rf2 Ne7 28.
Rh2 Ng6 29. Qh5 Rxe5 30. fxe5 Qc6 31. Qxh7+ Kf7 32. Rf1+ Ke7 33. Qxg7+ Kd8 34.
Be2 Qe4 35. Qf6+ Kc8 36. Bf3 Qxd4+ 37. Kg2 Bxf3+ 38. Qxf3 Kb8 39. Rf2 Nxe5 40.
Qf4 Qd5+ 41. Kg1 Nd3 42. Qf7 Rc8 43. g6 Nxf2 44. g7 Ne4 45. g8=Q Qd1+ 46. Kg2
Qd2+ 47. Kg1 1/2-1/2

[Event "XXXI Festival Conca della Presolana A"]
[Site "Bratto - Castione della Presolana ITA"]
[Date "2011.08.26"]
[Round "7"]
[White "Genocchio, Daniele"]
[Black "Recuero Guerra, David"]
[Result "1/2-1/2"]
[WhiteElo "2446"]
[BlackElo "2441"]
[PlyCount "32"]
[EventDate "2011.08.20"]

1. d4 Nf6 2. c4 e6 3. Nc3 d5 4. cxd5 exd5 5. Bg5 Be7 6. e3 c6 7. Bd3 Nbd7 8.
Nge2 O-O 9. Qc2 Re8 10. O-O Nf8 11. f3 g6 12. Rae1 Ne6 13. Bh4 b6 14. Kh1 Bb7
15. Nf4 Nxf4 16. exf4 Nh5 1/2-1/2

[Event "XXXI Festival Conca della Presolana A"]
[Site "Bratto - Castione della Presolana ITA"]
[Date "2011.08.26"]
[Round "7"]
[White "Greenfeld, Alon"]
[Black "Bellia, Fabrizio"]
[Result "1/2-1/2"]
[WhiteElo "2566"]
[BlackElo "2424"]
[PlyCount "67"]
[EventDate "2011.08.20"]

1. c4 c5 2. Nf3 Nc6 3. d4 cxd4 4. Nxd4 e5 5. Nb5 d6 6. g3 Be6 7. b3 a6 8. N5c3
Nf6 9. Bg2 Be7 10. O-O O-O 11. Nd5 Bxd5 12. cxd5 Nb8 13. a4 a5 14. Na3 Na6 15.
Nc4 Nd7 16. e4 Nac5 17. Be3 b6 18. f4 Qb8 19. Rb1 b5 20. axb5 Qxb5 21. fxe5
Nxe5 22. Nxe5 dxe5 23. d6 Rfd8 24. Qd5 Bxd6 25. Rxf7 Be7 26. Rxg7+ Kxg7 27.
Qxe5+ Bf6 28. Bh6+ Kf7 29. Qf5 Qd7 30. Qxh7+ Ke8 31. Qg8+ Ke7 32. Qh7+ Ke8 33.
Qg8+ Ke7 34. Qh7+ 1/2-1/2

[Event "XXXI Festival Conca della Presolana A"]
[Site "Bratto - Castione della Presolana ITA"]
[Date "2011.08.26"]
[Round "7"]
[White "Guerra, Alessandro"]
[Black "Janczarski, Michal"]
[Result "0-1"]
[WhiteElo "2204"]
[BlackElo "2316"]
[PlyCount "74"]
[EventDate "2011.08.20"]

1. e4 c5 2. Nf3 d6 3. Bc4 Nf6 4. Nc3 e6 5. O-O a6 6. Re1 b5 7. Bf1 e5 8. a4 b4
9. Nd5 Nxd5 10. exd5 Be7 11. c3 bxc3 12. dxc3 O-O 13. Nd2 a5 14. Bb5 Nd7 15.
Nc4 Nb6 16. Nxb6 Qxb6 17. Be3 Ba6 18. c4 f5 19. Ra3 Bc8 20. Rb3 Qd8 21. f4 Bf6
22. fxe5 Bxe5 23. Bxc5 Bxh2+ 24. Kxh2 dxc5 25. d6 Qh4+ 26. Kg1 Bb7 27. Re7 Be4
28. Qd2 Rad8 29. Bd7 Kh8 30. Rh3 Qg4 31. Kh2 Rf6 32. Rg3 Qh4+ 33. Rh3 Qg4 34.
Rg3 Qh5+ 35. Kg1 f4 36. Rgxg7 f3 37. g4 f2+ 0-1

[Event "XXXI Festival Conca della Presolana A"]
[Site "Bratto - Castione della Presolana ITA"]
[Date "2011.08.26"]
[Round "7"]
[White "Iasman, Inna"]
[Black "Vrhovnik, Damir"]
[Result "1/2-1/2"]
[WhiteElo "2014"]
[BlackElo "2082"]
[PlyCount "107"]
[EventDate "2011.08.20"]

1. d4 Nf6 2. c4 c5 3. d5 e6 4. Nc3 exd5 5. cxd5 d6 6. e4 g6 7. Nf3 a6 8. a4 Bg4
9. Be2 Bxf3 10. Bxf3 Nbd7 11. O-O Bg7 12. Be2 O-O 13. Be3 Qe7 14. f3 h5 15. Qd2
Nh7 16. f4 Nhf6 17. Bf3 Ng4 18. Bxg4 hxg4 19. Rae1 Rae8 20. Bf2 Qd8 21. Qd1 f5
22. exf5 gxf5 23. Re6 Bxc3 24. bxc3 Rxe6 25. dxe6 Nf6 26. Bh4 Qe7 27. Re1 Re8
28. c4 Kg7 29. Qa1 Kg6 30. Qb2 Qg7 31. Qd2 Ne4 32. Qd5 Qd4+ 33. Qxd4 cxd4 34.
Rd1 Rxe6 35. Rxd4 Nc3 36. Kf1 Nxa4 37. Be1 Nc5 38. Bb4 Ne4 39. Rd5 b6 40. h3
gxh3 41. gxh3 Rf6 42. Ba3 Re6 43. Rd3 Kh5 44. Bc1 Nc5 45. Rd5 Kh4 46. Rxf5 Kxh3
47. Rd5 Kg4 48. Kf2 Ne4+ 49. Kg2 a5 50. Rb5 Nc5 51. Rxb6 Nd3 52. Ba3 Re2+ 53.
Kf1 Kf3 54. Rb1 1/2-1/2

[Event "XXXI Festival Conca della Presolana A"]
[Site "Bratto - Castione della Presolana ITA"]
[Date "2011.08.26"]
[Round "7"]
[White "Manca, Federico"]
[Black "Sertic, Rudolf"]
[Result "1/2-1/2"]
[WhiteElo "2401"]
[BlackElo "2406"]
[PlyCount "125"]
[EventDate "2011.08.20"]

1. e4 c5 2. c3 d5 3. exd5 Qxd5 4. d4 e6 5. Nf3 Nf6 6. Be3 cxd4 7. cxd4 Bb4+ 8.
Nc3 O-O 9. Be2 Bd7 10. Ne5 Qa5 11. Bd2 Nc6 12. Nc4 Qd8 13. a3 Be7 14. Be3 Qb8
15. d5 exd5 16. Nxd5 Nxd5 17. Qxd5 Rd8 18. Qe4 Bf6 19. O-O b5 20. Bd3 g6 21.
Bf4 Bf5 22. Qxc6 Qxf4 23. Qxf6 bxc4 24. Bxf5 Qxf5 25. Qxf5 gxf5 26. Rac1 Rd2
27. Rxc4 Rxb2 28. Ra4 Ra2 29. g3 Rc8 30. Rxa7 Kg7 31. Ra4 Kg6 32. Rd1 Rc3 33.
Rf4 Rcxa3 34. Rd5 Ra5 35. Rfxf5 Rxd5 36. Rxd5 Ra3 37. Kg2 Rb3 38. g4 Rc3 39. f3
h6 40. Kg3 Rc1 41. f4 Rc6 42. Kh4 Rb6 43. f5+ Kg7 44. Kh5 Ra6 45. Rd7 Rb6 46.
Rc7 Ra6 47. Rb7 Rc6 48. h4 Ra6 49. g5 hxg5 50. hxg5 Kg8 51. Rc7 Rb6 52. Ra7 Rc6
53. Ra8+ Kh7 54. Ra7 Kg8 55. f6 Rc4 56. Ra8+ Kh7 57. Ra7 Kg8 58. Ra8+ Kh7 59.
Rf8 Rc7 60. Kg4 Rb7 61. Re8 Rb1 62. Rf8 Rb7 63. Kh5 1/2-1/2

[Event "XXXI Festival Conca della Presolana A"]
[Site "Bratto - Castione della Presolana ITA"]
[Date "2011.08.26"]
[Round "7"]
[White "Marguerettaz, Davy"]
[Black "Getz, Nicolai"]
[Result "1-0"]
[WhiteElo "2160"]
[BlackElo "2385"]
[PlyCount "97"]
[EventDate "2011.08.20"]

1. e4 e6 2. d3 d5 3. Nd2 Nf6 4. Ngf3 c5 5. g3 b5 6. Bg2 Bb7 7. O-O Nc6 8. Re1
Be7 9. Qe2 O-O 10. e5 Nd7 11. Nf1 Qc7 12. Bf4 Nb6 13. h4 Rac8 14. N1h2 Na4 15.
c3 b4 16. Ng4 bxc3 17. b3 Nb2 18. Nf6+ gxf6 19. exf6 Bxf6 20. Bxc7 Rxc7 21. Ng5
h6 22. Nh3 Nd4 23. Qg4+ Kh7 24. Qf4 Bd8 25. Bf1 Re7 26. Rac1 e5 27. Qg4 f5 28.
Qh5 c2 29. Ng5+ Kg7 30. Nf3 Nxf3+ 31. Qxf3 Ba5 32. Qe2 c4 33. dxc4 f4 34. c5
fxg3 35. fxg3 Bc3 36. Rxc2 Bd4+ 37. Kh1 Ref7 38. Rxb2 Bxb2 39. Qxb2 Rxf1+ 40.
Rxf1 Rxf1+ 41. Kg2 Rf5 42. Qa3 d4+ 43. Kg1 a6 44. c6 Bxc6 45. Qe7+ Kg6 46. Qe6+
Rf6 47. h5+ Kg5 48. Qxe5+ Rf5 49. Qg7+ 1-0

[Event "XXXI Festival Conca della Presolana A"]
[Site "Bratto - Castione della Presolana ITA"]
[Date "2011.08.26"]
[Round "7"]
[White "Narayanan, Srinath"]
[Black "Fedorchuk, Sergey A."]
[Result "0-1"]
[WhiteElo "2371"]
[BlackElo "2618"]
[PlyCount "100"]
[EventDate "2011.08.20"]

1. e4 e5 2. Nf3 Nc6 3. Bb5 a6 4. Ba4 Nge7 5. c3 g6 6. O-O Bg7 7. d4 exd4 8.
cxd4 b5 9. Bb3 Na5 10. Bc2 O-O 11. Nc3 d6 12. h3 Bb7 13. Re1 h6 14. b3 c5 15.
Be3 Nac6 16. Qd2 cxd4 17. Nxd4 Rc8 18. Nce2 Kh7 19. Rad1 Qc7 20. Bb1 d5 21. Bf4
Ne5 22. Ng3 Rfd8 23. Qe2 dxe4 24. Bxe4 Bxe4 25. Qxe4 N7c6 26. Nde2 Qa5 27. Qb1
Nd3 28. Bd2 b4 29. Bg5 Nxe1 30. Bxd8 Nf3+ 31. gxf3 Rxd8 32. Rxd8 Qxd8 33. Qe4
Qd7 34. f4 f5 35. Qc4 a5 36. Qb5 Qd6 37. Kg2 Qe6 38. h4 h5 39. Ng1 Nd4 40. Qxa5
Qc6+ 41. Kh2 Qd6 42. Qa8 Qxf4 43. Nh3 Qxh4 44. f4 Ne6 45. Qb8 Qg4 46. Qd6 h4
47. Nh1 Nd4 48. Ng5+ Kh6 49. Qc7 Ne2 50. Nh3 Bd4 0-1

[Event "XXXI Festival Conca della Presolana A"]
[Site "Bratto - Castione della Presolana ITA"]
[Date "2011.08.26"]
[Round "7"]
[White "O'Leary, Matt"]
[Black "Gonella, Daniele"]
[Result "0-1"]
[WhiteElo "1953"]
[BlackElo "2067"]
[PlyCount "60"]
[EventDate "2011.08.20"]

1. Nf3 Nf6 2. c4 e6 3. Nc3 d5 4. d4 Be7 5. e3 O-O 6. Bd3 dxc4 7. Bxc4 c5 8. O-O
Nc6 9. Ne5 Qc7 10. Nb5 Qb6 11. dxc5 Qxc5 12. Nxc6 Qxc6 13. Qb3 Rd8 14. Nd4 Qc5
15. f3 Qh5 16. Bd2 e5 17. g4 Qh3 18. Bxf7+ Kh8 19. Ba5 b6 20. Nc6 Nxg4 21. fxg4
Qxg4+ 22. Kh1 Qe4+ 23. Kg1 Bb7 24. Rac1 Bxc6 25. Rxc6 Qxc6 26. Bc3 Qe4 27. Be1
Bc5 28. Bf2 Rd7 29. Be6 Rd6 30. Bh3 Rg6+ 0-1

[Event "XXXI Festival Conca della Presolana A"]
[Site "Bratto - Castione della Presolana ITA"]
[Date "2011.08.26"]
[Round "7"]
[White "Osuna Munoz, Xavier"]
[Black "Angelini, Marco"]
[Result "0-1"]
[WhiteElo "2104"]
[BlackElo "2185"]
[PlyCount "84"]
[EventDate "2011.08.20"]

1. d4 d5 2. g3 Nf6 3. Bg2 e6 4. Nf3 Nbd7 5. Nbd2 b6 6. O-O Bb7 7. b3 c5 8. e3
Be7 9. Bb2 O-O 10. c4 Rc8 11. Rc1 Rc7 12. Re1 dxc4 13. bxc4 Qa8 14. Nh4 Rfc8
15. Qb3 Bxg2 16. Nxg2 Ne4 17. Nxe4 Qxe4 18. Red1 cxd4 19. exd4 Bf6 20. Re1 Qb7
21. Ne3 h5 22. h4 g6 23. Red1 Qe4 24. Re1 Qb7 25. Red1 Bg7 26. Ba3 Bh6 27. d5
Nc5 28. Bxc5 Rxc5 29. dxe6 fxe6 30. Qd3 Qf7 31. f4 e5 32. Ng2 b5 33. Rb1 bxc4
34. Qe4 exf4 35. Rd6 Kh7 36. Rbd1 R8c7 37. Nxf4 c3 38. Rc1 Rf5 39. Qd4 Bxf4 40.
Rd8 Be5 41. Qe3 Rd7 42. Rxd7 Qxd7 0-1

[Event "XXXI Festival Conca della Presolana A"]
[Site "Bratto - Castione della Presolana ITA"]
[Date "2011.08.26"]
[Round "7"]
[White "Pantaleoni, Claudio"]
[Black "Ranieri, Fabrizio"]
[Result "0-1"]
[WhiteElo "2166"]
[BlackElo "2299"]
[PlyCount "78"]
[EventDate "2011.08.20"]

1. Nf3 e6 2. c4 Nf6 3. g3 d5 4. d4 dxc4 5. Qa4+ c6 6. Qxc4 b5 7. Qd3 Bb7 8. Bg2
Nbd7 9. a4 Bb4+ 10. Bd2 Bxd2+ 11. Nbxd2 bxa4 12. Nc4 O-O 13. Nd6 Qb6 14. Rxa4
a5 15. Nxb7 Qxb7 16. O-O Rfb8 17. Nd2 Nd5 18. Rfa1 Nb4 19. Qc3 Qb5 20. Nc4 Nd5
21. Qd2 c5 22. e3 cxd4 23. Qxd4 Nc5 24. Rxa5 Nb3 25. Rxb5 Rxa1+ 26. Bf1 Rxb5
27. Qh4 Nf6 28. Kg2 Rb4 29. Qg5 h6 30. Qe5 Rd1 31. Qc7 Nd5 32. Qc8+ Kh7 33. Ne5
Rd2 34. Bd3+ f5 35. Qxe6 Nxe3+ 36. Kh3 Rxf2 37. Qg6+ Kg8 38. Qe8+ Kh7 39. Nd7
Rh4+ 0-1

[Event "XXXI Festival Conca della Presolana A"]
[Site "Bratto - Castione della Presolana ITA"]
[Date "2011.08.26"]
[Round "7"]
[White "Reinaldo Castineira, Roi"]
[Black "Horvath, Jozsef"]
[Result "1/2-1/2"]
[WhiteElo "2492"]
[BlackElo "2535"]
[PlyCount "73"]
[EventDate "2011.08.20"]

1. e4 c6 2. d4 d5 3. e5 Bf5 4. Nd2 e6 5. Nb3 Nd7 6. Be3 Ne7 7. f4 h5 8. Nf3 Bg4
9. Be2 Nf5 10. Bf2 Be7 11. a4 Rc8 12. O-O a6 13. h3 c5 14. c4 Bxf3 15. Bxf3
dxc4 16. Nxc5 Bxc5 17. dxc5 Nxc5 18. Qxd8+ Kxd8 19. Bxc5 Rxc5 20. Bxb7 a5 21.
Rac1 Ke7 22. Ba6 Rb8 23. Bxc4 Rxb2 24. Bd3 Rxc1 25. Rxc1 Ne3 26. Rc7+ Kd8 27.
Rxf7 Rxg2+ 28. Kh1 g5 29. Bb5 Rf2 30. Rd7+ Kc8 31. fxg5 Rf3 32. Kh2 h4 33. Rd3
Rf2+ 34. Kg1 Rf1+ 35. Kh2 Rf2+ 36. Kg1 Rf1+ 37. Kh2 1/2-1/2

[Event "XXXI Festival Conca della Presolana A"]
[Site "Bratto - Castione della Presolana ITA"]
[Date "2011.08.26"]
[Round "7"]
[White "Sala, Giovanni"]
[Black "Pesce, Gabriele"]
[Result "1/2-1/2"]
[WhiteElo "1967"]
[BlackElo "2177"]
[PlyCount "101"]
[EventDate "2011.08.20"]

1. c4 Nf6 2. g3 c5 3. Bg2 Nc6 4. Nf3 d5 5. cxd5 Nxd5 6. Nc3 Nc7 7. O-O e5 8. d3
Be7 9. Be3 Ne6 10. Rc1 Bd7 11. Nd5 O-O 12. Nxe7+ Qxe7 13. Nd2 Ned4 14. Ne4 b6
15. Bd2 Rac8 16. e3 Ne6 17. f4 exf4 18. gxf4 f5 19. Ng3 Qd6 20. Qb3 Kh8 21. Bc3
Nc7 22. Nh5 Ne8 23. Qd5 Qe7 24. Qf3 Qd6 25. Qd5 Qxd5 26. Bxd5 Ne7 27. Bb7 Rc7
28. Bf3 Bb5 29. Rfd1 Kg8 30. d4 g6 31. Ng3 Nf6 32. dxc5 Rxc5 33. Bb4 Rxc1 34.
Rxc1 Re8 35. e4 Nc6 36. e5 Nxb4 37. exf6 Kf7 38. Nxf5 gxf5 39. Bh5+ Kxf6 40.
Bxe8 Bxe8 41. Rc7 a5 42. Rxh7 Nd3 43. Rb7 b5 44. Rb6+ Ke7 45. h4 Nxf4 46. b3
Ne2+ 47. Kf2 Nc3 48. a4 Kf7 49. Ra6 bxa4 50. bxa4 Nxa4 51. Rxa5 1/2-1/2

[Event "XXXI Festival Conca della Presolana A"]
[Site "Bratto - Castione della Presolana ITA"]
[Date "2011.08.26"]
[Round "7"]
[White "Salmoiraghi, Angelo"]
[Black "Attuati, Stefano"]
[Result "1-0"]
[WhiteElo "2152"]
[BlackElo "1963"]
[PlyCount "89"]
[EventDate "2011.08.20"]

1. d4 e6 2. Nf3 f5 3. g3 Nf6 4. Bg2 d5 5. O-O Bd6 6. c4 c6 7. Nc3 O-O 8. Qc2
Nbd7 9. cxd5 exd5 10. Qxf5 Nc5 11. Qc2 Nce4 12. Ng5 Nxg5 13. Bxg5 h6 14. Bxf6
Qxf6 15. e4 Qxd4 16. Rad1 Qc4 17. exd5 Bf5 18. Be4 Bxe4 19. Qxe4 Qxe4 20. Nxe4
Be5 21. d6 Rf7 22. Rd2 b6 23. b4 Rd7 24. Rc1 Rc8 25. f4 Bf6 26. Kg2 Kf7 27.
Rdc2 Ke6 28. Rxc6 Rxc6 29. Rxc6 Bd8 30. b5 Kd5 31. Kf3 Ke6 32. Ke3 Kd5 33. g4
g6 34. Kd3 g5 35. f5 Ke5 36. Ke3 Kd5 37. Rc2 Ke5 38. Rf2 Bf6 39. Rf1 Rf7 40.
Nxf6 Kxf6 41. Rd1 Rd7 42. Ke4 Kf7 43. Ke5 Rd8 44. d7 Ke7 45. f6+ 1-0

[Event "XXXI Festival Conca della Presolana A"]
[Site "Bratto - Castione della Presolana ITA"]
[Date "2011.08.26"]
[Round "7"]
[White "Stoppa, Omar"]
[Black "Negro, Roberto"]
[Result "1/2-1/2"]
[WhiteElo "2286"]
[BlackElo "2170"]
[PlyCount "109"]
[EventDate "2011.08.20"]

1. e4 c5 2. Nf3 d6 3. Bb5+ Nc6 4. O-O Bd7 5. c3 Nf6 6. Qe2 a6 7. Ba4 b5 8. Bc2
e5 9. d4 Bg4 10. dxc5 dxc5 11. h3 Be6 12. Rd1 Qc7 13. Bg5 Nd7 14. Nbd2 Be7 15.
Bxe7 Nxe7 16. Nf1 O-O 17. Ne3 Nb6 18. Ng5 h6 19. Nxe6 fxe6 20. a4 c4 21. Qg4
Rf6 22. axb5 axb5 23. Rxa8+ Nxa8 24. Qe2 Ng6 25. g3 Rf8 26. Rd2 Rd8 27. Rxd8+
Qxd8 28. b3 cxb3 29. Bxb3 Nc7 30. Qg4 Qf6 31. h4 Nf8 32. Qd1 Qe7 33. Nf5 Qd7
34. Qd6 Qxd6 35. Nxd6 g6 36. Kf1 Kg7 37. Ke1 Kf6 38. Kd2 Ke7 39. Nb7 Kd7 40.
Nc5+ Kd6 41. Nd3 Nd7 42. f4 Na6 43. Ke3 exf4+ 44. gxf4 e5 45. f5 gxf5 46. exf5
Nac5 47. Bc2 Nf6 48. Nf2 Nd5+ 49. Kd2 Nf6 50. Bd3 Nxd3 51. Kxd3 Kd5 52. Ke3 e4
53. Kf4 Nh5+ 54. Ke3 Nf6 55. Kf4 1/2-1/2

[Event "XXXI Festival Conca della Presolana A"]
[Site "Bratto - Castione della Presolana ITA"]
[Date "2011.08.26"]
[Round "7"]
[White "Vezzani, Stefano"]
[Black "Ceccarini, Marco"]
[Result "1/2-1/2"]
[WhiteElo "2183"]
[BlackElo "2052"]
[PlyCount "61"]
[EventDate "2011.08.20"]

1. e4 e5 2. Nc3 Nf6 3. Nf3 Nc6 4. g3 d5 5. exd5 Nxd5 6. Bg2 Nxc3 7. bxc3 Bc5 8.
O-O O-O 9. d3 Bf5 10. Ng5 f6 11. Ne4 Bb6 12. Ba3 Re8 13. g4 Be6 14. Qf3 Qd7 15.
h3 Ne7 16. Bxe7 Qxe7 17. a4 Ba5 18. Rfb1 c6 19. c4 Rf8 20. Qe3 f5 21. Qc5 Qc7
22. gxf5 Bxf5 23. Nd6 Bb6 24. Qa3 Bxf2+ 25. Kxf2 Bxh3+ 26. Kg3 Bxg2 27. Kxg2
Qd7 28. Rf1 Qg4+ 29. Kh2 Qe2+ 30. Kg1 Qe3+ 31. Kg2 1/2-1/2

[Event "XXXI Festival Conca della Presolana A"]
[Site "Bratto - Castione della Presolana ITA"]
[Date "2011.08.26"]
[Round "7"]
[White "Vishnu, Prasanna V."]
[Black "De La Villa Garcia, Jesus Maria"]
[Result "1/2-1/2"]
[WhiteElo "2340"]
[BlackElo "2490"]
[PlyCount "65"]
[EventDate "2011.08.20"]

1. e4 e5 2. Nf3 d6 3. d4 exd4 4. Nxd4 Nf6 5. Nc3 Be7 6. g3 O-O 7. Bg2 Na6 8.
O-O c6 9. h3 Re8 10. Re1 Bf8 11. a4 Nb4 12. Bf4 d5 13. e5 Nd7 14. e6 Nf6 15.
exf7+ Kxf7 16. Rxe8 Qxe8 17. Nce2 Na6 18. c4 dxc4 19. Qc2 Nb4 20. Qxc4+ Be6 21.
Nxe6 Qxe6 22. Qxe6+ Kxe6 23. Rd1 Nbd5 24. Bc1 Kf7 25. Bf3 Rd8 26. g4 h6 27. h4
Be7 28. g5 hxg5 29. hxg5 Nh7 30. g6+ Kxg6 31. Be4+ Kf7 32. Bxh7 g6 33. Nf4
1/2-1/2

[Event "XXXI Festival Conca della Presolana A"]
[Site "Bratto - Castione della Presolana ITA"]
[Date "2011.08.27"]
[Round "8"]
[White "Altini, Nicola"]
[Black "Salmoiraghi, Angelo"]
[Result "1/2-1/2"]
[WhiteElo "2267"]
[BlackElo "2152"]
[PlyCount "49"]
[EventDate "2011.08.20"]

1. Nf3 d5 2. c4 d4 3. g3 Nc6 4. Bg2 e5 5. d3 Bb4+ 6. Nbd2 a5 7. O-O Nf6 8. a3
Be7 9. Rb1 Nd7 10. Ne1 O-O 11. Nc2 a4 12. b4 axb3 13. Nxb3 Nc5 14. Nxc5 Bxc5
15. Rb5 Qe7 16. Qd2 Ra4 17. Qd1 Ra7 18. Bd2 Bd7 19. Qb1 b6 20. Rb3 Na5 21. Rb2
f5 22. Nb4 Re8 23. Nd5 Qd6 24. Bb4 Nc6 25. Rd1 1/2-1/2

[Event "XXXI Festival Conca della Presolana A"]
[Site "Bratto - Castione della Presolana ITA"]
[Date "2011.08.27"]
[Round "8"]
[White "Angelini, Marco"]
[Black "Sala, Giovanni"]
[Result "1-0"]
[WhiteElo "2185"]
[BlackElo "1967"]
[PlyCount "127"]
[EventDate "2011.08.20"]

1. e4 c5 2. Nf3 d6 3. d4 cxd4 4. Nxd4 Nf6 5. Nc3 a6 6. Bg5 e6 7. f4 Qc7 8. Qf3
b5 9. O-O-O b4 10. Nce2 Bb7 11. Ng3 Nbd7 12. Kb1 Rc8 13. Bd3 h5 14. Bh4 Qb6 15.
Nb3 a5 16. Nc1 a4 17. Nce2 Be7 18. Rc1 d5 19. Bxf6 gxf6 20. exd5 h4 21. Nf1 f5
22. Ne3 Nf6 23. c4 Bc5 24. Nxf5 exf5 25. Bxf5 Rc7 26. Qd3 Re7 27. Ng1 Re3 28.
Qd1 b3 29. a3 Rg8 30. Bh3 Ne4 31. Ne2 Nf2 32. Qd2 Nxh3 33. gxh3 Rg2 34. Rhe1
Bc8 35. Ka1 Bf5 36. Rc3 Kd7 37. d6 Rxc3 38. Qxc3 Bxa3 39. Qf6 Bxb2+ 40. Kxb2
a3+ 41. Kxa3 Qxd6+ 42. Qxd6+ Kxd6 43. Kxb3 Kc5 44. Ra1 Be6 45. Ra5+ Kb6 46.
Rb5+ Kc7 47. Nd4 Rxh2 48. Nxe6+ fxe6 49. Rh5 Rxh3+ 50. Kb4 Rh1 51. Kc5 h3 52.
Rh7+ Kb8 53. Kb6 Rb1+ 54. Kc6 Rf1 55. Rxh3 Rxf4 56. c5 e5 57. Rh8+ Ka7 58. Kd7
Rd4+ 59. Kc7 Rg4 60. Re8 Rg7+ 61. Kc8 Ka6 62. Re6+ Ka7 63. c6 Rh7 64. Rd6 1-0

[Event "XXXI Festival Conca della Presolana A"]
[Site "Bratto - Castione della Presolana ITA"]
[Date "2011.08.27"]
[Round "8"]
[White "Attuati, Stefano"]
[Black "Arvola, Benjamin"]
[Result "0-1"]
[WhiteElo "1963"]
[BlackElo "2207"]
[PlyCount "70"]
[EventDate "2011.08.20"]

1. e4 Nf6 2. e5 Nd5 3. d4 d6 4. Nf3 g6 5. Bc4 c6 6. h3 Bg7 7. Qe2 O-O 8. O-O h6
9. Bb3 Be6 10. Rd1 b5 11. Bxd5 Bxd5 12. Nc3 Bc4 13. Qe4 b4 14. b3 Be6 15. d5
Bf5 16. Qxb4 Bxc2 17. Rd2 Bf5 18. e6 Na6 19. Qh4 Bxc3 20. Qxh6 Bg7 21. Qh4 f6
22. Nd4 cxd5 23. Nxf5 gxf5 24. Rd3 Nc5 25. Rg3 Nxe6 26. Bh6 Rf7 27. Re1 Ng5 28.
f4 Bxh6 29. Qxh6 Rh7 30. Qg6+ Rg7 31. Qxf5 e6 32. Qg4 f5 33. Qh5 Ne4 34. Rxg7+
Kxg7 35. g4 Qb6+ 0-1

[Event "XXXI Festival Conca della Presolana A"]
[Site "Bratto - Castione della Presolana ITA"]
[Date "2011.08.27"]
[Round "8"]
[White "Bellia, Fabrizio"]
[Black "Vishnu, Prasanna V."]
[Result "1/2-1/2"]
[WhiteElo "2424"]
[BlackElo "2340"]
[PlyCount "79"]
[EventDate "2011.08.20"]

1. e4 c5 2. Nf3 d6 3. d4 cxd4 4. Nxd4 Nf6 5. Nc3 a6 6. Be2 Nbd7 7. O-O g6 8. f4
Bg7 9. Be3 O-O 10. Qd2 Qc7 11. Nd5 Qd8 12. Bf3 e5 13. Nxf6+ Bxf6 14. fxe5 Nxe5
15. Be2 b5 16. a4 bxa4 17. Rxa4 Re8 18. h3 Bb7 19. Nb3 Nc6 20. Bc4 Ne5 21. Bd5
Bxd5 22. Qxd5 Bg5 23. Bxg5 Qxg5 24. Qxd6 Rac8 25. c3 Red8 26. Qf6 Qxf6 27. Rxf6
Rb8 28. Nd4 Rxb2 29. Rfxa6 Nd3 30. Ra2 Rdb8 31. Rxb2 Rxb2 32. Rf6 Kg7 33. Rf3
Ne5 34. Rf2 Rb1+ 35. Rf1 Rb2 36. Rf2 Rb1+ 37. Rf1 Rb2 38. Nf3 Nxf3+ 39. Rxf3
Re2 40. Rf2 1/2-1/2

[Event "XXXI Festival Conca della Presolana A"]
[Site "Bratto - Castione della Presolana ITA"]
[Date "2011.08.27"]
[Round "8"]
[White "Bianchi, Andrea"]
[Black "Iasman, Inna"]
[Result "1-0"]
[WhiteElo "2142"]
[BlackElo "2014"]
[PlyCount "137"]
[EventDate "2011.08.20"]

1. e4 c6 2. d4 d5 3. Nd2 dxe4 4. Nxe4 Nd7 5. Bc4 Ngf6 6. Ng5 e6 7. Qe2 Nb6 8.
Bb3 h6 9. N5f3 Bd6 10. Ne5 O-O 11. Ngf3 Nbd7 12. O-O c5 13. Bf4 Qc7 14. Bg3
cxd4 15. Nxf7 Bxg3 16. hxg3 Rxf7 17. Bxe6 Nc5 18. Bxf7+ Qxf7 19. Nxd4 Bd7 20.
Rfe1 Re8 21. Qf3 Bg4 22. Qf4 Ne6 23. Nxe6 Bxe6 24. Rad1 Bd7 25. Rxe8+ Qxe8 26.
Qd2 Qh5 27. f3 Qe5 28. Qd4 Qxg3 29. Qxa7 Bc6 30. Qf2 Qe5 31. Qd4 Qg3 32. Qf2
Qe5 33. c4 Qa5 34. b3 Bd7 35. Qb2 Qh5 36. Qd4 Qg5 37. b4 Bh3 38. Qd2 Qg3 39.
Qf2 Qg5 40. Kh1 Be6 41. Qd4 Nh5 42. Qd8+ Qxd8 43. Rxd8+ Kf7 44. c5 Nf6 45. Rd2
Bd7 46. Kg1 Ke7 47. Kf2 Ba4 48. Ke3 Nd7 49. Kd4 Bb5 50. Rd1 Nf6 51. Ra1 Ba4 52.
Kc4 Nd7 53. b5 Ne5+ 54. Kb4 Bc2 55. Re1 Kf6 56. Re3 Bf5 57. a4 Nd3+ 58. Kc4
Nb2+ 59. Kb3 Nd3 60. c6 bxc6 61. bxc6 Be6+ 62. Kc3 Nc5 63. Kb4 Na6+ 64. Kb5
Nc7+ 65. Kc5 Ke7 66. Rd3 Bf5 67. Rd2 Bc8 68. Kb6 Na6 69. c7 1-0

[Event "XXXI Festival Conca della Presolana A"]
[Site "Bratto - Castione della Presolana ITA"]
[Date "2011.08.27"]
[Round "8"]
[White "Bonade', Massimo"]
[Black "Stoppa, Omar"]
[Result "0-1"]
[WhiteElo "2079"]
[BlackElo "2286"]
[PlyCount "114"]
[EventDate "2011.08.20"]

1. d4 Nf6 2. c4 d6 3. f3 c5 4. d5 g6 5. e4 a6 6. Nc3 Bg7 7. Bg5 O-O 8. Qd2 Re8
9. O-O-O Nbd7 10. g4 b5 11. h4 Qa5 12. Kb1 bxc4 13. h5 Rb8 14. Rc1 Nf8 15. hxg6
fxg6 16. Nge2 Bd7 17. Bh6 Bh8 18. Nf4 Rb4 19. Rc2 Ba4 20. Nxa4 Qxa4 21. Bxf8
Rxf8 22. e5 dxe5 23. Ne6 Rfb8 24. d6 c3 25. Qxc3 Nd5 26. Qd2 e4 27. Nxc5 Qxc2+
28. Qxc2 Rxb2+ 29. Qxb2 Rxb2+ 30. Kc1 exd6 31. Bc4 dxc5 32. Bxd5+ Kf8 33. Rxh7
Bd4 34. fxe4 Rg2 35. Ra7 Rxg4 36. Rxa6 Rg2 37. Ra8+ Ke7 38. a4 Rg3 39. a5 Ra3
40. a6 c4 41. Rc8 c3 42. Rc6 g5 43. Kc2 Ra1 44. Rh6 g4 45. Rg6 Re1 46. a7 Re2+
47. Kb3 Rb2+ 48. Ka3 Bc5+ 49. Ka4 Bxa7 50. Rg7+ Kd8 51. Rxa7 c2 52. Ra8+ Kc7
53. Ra7+ Kc8 54. Ra8+ Rb8 55. Ra6 c1=Q 56. Rc6+ Qxc6+ 57. Bxc6 Kc7 0-1

[Event "XXXI Festival Conca della Presolana A"]
[Site "Bratto - Castione della Presolana ITA"]
[Date "2011.08.27"]
[Round "8"]
[White "Borgo, Giulio"]
[Black "Greenfeld, Alon"]
[Result "1/2-1/2"]
[WhiteElo "2404"]
[BlackElo "2566"]
[PlyCount "118"]
[EventDate "2011.08.20"]

1. e4 c5 2. Nf3 g6 3. d4 cxd4 4. Qxd4 Nf6 5. Nc3 Nc6 6. Qa4 d6 7. e5 dxe5 8.
Nxe5 Bg7 9. Bb5 O-O 10. Nxc6 bxc6 11. Bxc6 Rb8 12. O-O Qc7 13. Bf4 e5 14. Bg5
Rxb2 15. Bxf6 Bxf6 16. Nd5 Qd6 17. Nxf6+ Qxf6 18. Bd5 Bf5 19. Bb3 a6 20. Rad1
Bc8 21. Qb4 Kg7 22. Rd6 Be6 23. Qa3 e4 24. Qxa6 Re8 25. Qb5 Re7 26. Qc5 Qf5 27.
Qc3+ Qf6 28. Qg3 Rd7 29. Bxe6 Rxd6 30. Qxd6 Rxa2 31. Qd7 Qxe6 32. Qxe6 fxe6 33.
Rc1 Kf6 34. Kf1 Ke5 35. Ke2 Kd4 36. Kd2 Ra5 37. Rb1 Rg5 38. g3 Rf5 39. c3+ Kc5
40. Ke2 Kc6 41. Rb4 Kd5 42. Rb7 h6 43. Rh7 h5 44. h4 Rf3 45. Rc7 Ke5 46. Rc5+
Kf6 47. Rc8 Rd3 48. c4 Ke5 49. c5 Ra3 50. c6 Ra2+ 51. Ke3 Ra3+ 52. Ke2 Ra2+ 53.
Kf1 Rc2 54. c7 e3 55. fxe3 Ke4 56. Rg8 Rxc7 57. Rxg6 Kf3 58. Rf6+ Kxg3 59. Rxe6
Kxh4 1/2-1/2